| 000 | 00545nam a2200217 a 4500 | ||
|---|---|---|---|
| 001 | 000022104 | ||
| 005 | 20200930011601.0 | ||
| 008 | 100916s1978 sp r 000 |bspa d | ||
| 020 | _a8473390725 | ||
| 040 |
_aDO-SdBNP _bspa _cBNPHU |
||
| 082 |
_axxx _bL566q |
||
| 100 | 1 |
_aLenin, V. I. _945797 |
|
| 245 | 1 | 0 |
_a¿Qué hacer? / _cV. I. Lenin. |
| 250 | _a2a ed. | ||
| 260 |
_aMadrid : _bAkal, _c1978. |
||
| 300 |
_a210 p. ; _c18 cm. |
||
| 490 |
_aAkal; _v16 |
||
| 500 | _aIncluye notas al pie página | ||
| 834 |
_aAkal; _v16 |
||
| 049 | _aBNGR | ||
| 999 |
_c21602 _d21602 |
||